000 01285nam a2200325Ia 4500
001 ebr10661685
003 CaPaEBR
006 m u
007 cr cn|||||||||
008 081205s2009 nyua sb 001 0 eng d
010 _z 2008053067
020 _z1606925377 (hardcover)
020 _z9781606925379 (hardcover)
020 _z9781611224955
040 _aCaPaEBR
_cCaPaEBR
035 _a(OCoLC)670428946
050 1 4 _aRC350.B72
_bT49 2009eb
082 0 4 _a615.8/45
_222
245 0 0 _aTextbook of therapeutic cortical stimulation
_h[electronic resource] /
_cSergio Canavero, editor.
260 _aNew York :
_bNova Biomedical Books,
_cc2009.
300 _axiv, 450 p. :
_bill. (some col.)
504 _aIncludes bibliographical references and index.
533 _aElectronic reproduction.
_bPalo Alto, Calif. :
_cebrary,
_d2013.
_nAvailable via World Wide Web.
_nAccess may be limited to ebrary affiliated libraries.
650 0 _aBrain stimulation
_xTherapeutic use.
650 0 _aNeural stimulation
_xTherapeutic use.
655 7 _aElectronic books.
_2local
700 1 _aCanavero, Sergio,
_d1964-
710 2 _aebrary, Inc.
856 4 0 _uhttp://site.ebrary.com/lib/rucke/Doc?id=10661685
_zAn electronic book accessible through the World Wide Web; click to view
999 _c169800
_d169800